000 00922cam a2200253 4500
001 WB3738-25
008 011010n2001 000 0 eng u
035 _a(Sirsi) u115061
245 _aLand market
260 _c2001
490 _aFarmers Guardian
_v5 October 2001,26(1)
520 _aNew research by FPDSavills indicates that farm sales are down and restructuring by other means such as contracting arrangements, use of farm business tenancies and share farming has increased over the last three years. The number of national dispersal sales relative to land sales increased from 52% in 1998 to 76% in 2000.
590 _aWB
650 _aLAND SALES
650 _aLAND VALUES
650 _aFARM BUSINESSES
650 _aFOOT-AND-MOUTH DISEASE
650 _aFARMING INDUSTRY
650 _aFPDSAVILLS
650 _aRESTRUCTURING
650 _aFARMLAND MARKET
690 _aRURAL-MARKET
942 _n0
999 _c68537
_d68537